Homenaje a la memoria de D. Julio de Urquijo e Ibarra, al cumplirse el centenario de su nacimiento... / (Record no. 104184)

MARC details
000 -LEADER
campo de control de longitud fija 00761nam a2200193 i 4500
001 - NÚMERO DE CONTROL
campo de control 104184
003 - IDENTIFICADOR DE NÚMERO DE CONTROL
campo de control ES-MaACL
005 - FECHA Y HORA DE LA ÚLTIMA TRANSACCIÓN
campo de control 20230906183533.0
007 - CAMPO FIJO DE DESCRIPCIÓN FÍSICA--INFORMACIÓN GENERAL
campo de control de longitud fija t|
008 - DATOS DE LONGITUD FIJA--INFORMACIÓN GENERAL
campo de control de longitud fija 051124s1973 sp ||||1| spa d
100 1# - ENTRADA PRINCIPAL--NOMBRE DE PERSONA
Nombre de persona Michelena, Luis.
9 (RLIN) 80916
245 10 - MENCIÓN DEL TÍTULO
Título Homenaje a la memoria de D. Julio de Urquijo e Ibarra, al cumplirse el centenario de su nacimiento... /
Mención de responsabilidad, etc. Luis Michelena, Jean Haritschelhar, Ignacio de Urquijo. Conde de Ospin de Urquijo.
260 ## - PUBLICACIÓN, DISTRIBUCIÓN, ETC.
Lugar de publicación, distribución, etc. Bilbao :
Nombre del editor, distribuidor, etc. Junta de Cultura de Vizcaya,
Fecha de publicación, distribución, etc. 1973.
300 ## - DESCRIPCIÓN FÍSICA
Extensión 44 p., 1 lám. ;
Dimensiones 21 cm.
700 1# - ENTRADA AGREGADA--NOMBRE PERSONAL
Nombre de persona Haritschelhar, Jean.
9 (RLIN) 61853
700 1# - ENTRADA AGREGADA--NOMBRE PERSONAL
Nombre de persona Urquijo, Ignacio de
Títulos y otros términos asociados al nombre , Conde de Ospin de Urquijo.
9 (RLIN) 112206
710 2# - ENTRADA AGREGADA--NOMBRE DE ENTIDAD CORPORATIVA
Nombre de entidad corporativa o nombre de jurisdicción como elemento de entrada Junta de Cultura de Vizcaya.
9 (RLIN) 5386
852 ## - LOCALIZACIÓN
Ubicación ES-MaACL
Número de control de estantería 2085-F-22
Sublocalización o colección R.89241
Holdings
Estatus retirado Estado de pérdida Estado de daño No para préstamo Colección Biblioteca de origen Biblioteca actual Ubicación en estantería Fecha de adquisición Fuente de adquisición Total de préstamos Signatura topográfica completa Código de barras Visto por última vez Precio de reemplazo Tipo de ítem Koha
        Colección de folletos Biblioteca del Ateneo de Madrid Biblioteca del Ateneo de Madrid Depósito folletos 17/01/2008     2085-F-22 1108776 23/02/2023 23/02/2023 Folleto